Breaking-up is hard to undo, particularly after a break notice has been served (Record no. 82377)

MARC details
000 -LEADER
fixed length control field 01092cam a22002055a 4500
001 - CONTROL NUMBER
control field L150063
008 - FIXED-LENGTH DATA ELEMENTS--GENERAL INFORMATION
fixed length control field 100526s2010 xxk 000 0 eng d
035 ## - SYSTEM CONTROL NUMBER
System control number (Sirsi) u150063
041 0# - LANGUAGE CODE
Language code of text/sound track or separate title eng
100 1# - MAIN ENTRY--PERSONAL NAME
Personal name John, Ed
245 00 - TITLE STATEMENT
Title Breaking-up is hard to undo, particularly after a break notice has been served
260 ## - PUBLICATION, DISTRIBUTION, ETC.
Date of publication, distribution, etc. 2010
490 #0 - SERIES STATEMENT
Series statement Lovells Real Estate Quarterly
Volume/sequential designation Spring 2010, 16-18(3)
520 ## - SUMMARY, ETC.
Summary, etc. Reviews the problems and inadvertent consequences for tenants of agreeing to withdraw a break notice after it has been served. If tenant and landlord agree the notice to be withdrawn, the break notice remains effective but their conduct is deemed to have created a new tenancy on the expiry of the break notice. Case law on this proposition originates from Tayleur v Wildin (1868). Advises tenants to register the deemed new tenancies straightaway.
590 ## - LOCAL NOTE (RLIN)
Local note KA
650 24 - SUBJECT ADDED ENTRY--TOPICAL TERM
Topical term or geographic name entry element TAYLEUR V WILDIN
651 #4 - SUBJECT ADDED ENTRY--GEOGRAPHIC NAME
Geographic name England and Wales
Chronological subdivision 1543-
690 ## - LOCAL SUBJECT ADDED ENTRY--TOPICAL TERM (OCLC, RLIN)
Topical term or geographic name as entry element PROPERTY-COMMERCIAL PROPERTY-LEASEHOLD COMMERCIAL PROPERTY-COMMERCIAL LANDLORD AND TENANT-BUSINESS TENANCIES
942 ## - ADDED ENTRY ELEMENTS (KOHA)
Suppress in OPAC 0
Holdings
Withdrawn status Lost status Source of classification or shelving scheme Damaged status Not for loan Home library Current library Shelving location Date acquired Total Checkouts Full call number Barcode Date last seen Copy number Price effective from Koha item type
    Dewey Decimal Classification     London London Journal article 26/05/2010   L150063 150063-1001 06/08/2019 1 06/08/2019 Journal article